| 000 | 01109 a2200193 4500 | ||
|---|---|---|---|
| 003 | NUST | ||
| 005 | 20221102132848.0 | ||
| 010 | _a 75033861 | ||
| 020 | _a087909074X | ||
| 040 | _cNust | ||
| 082 | 0 | 0 | _a510,ODO |
| 100 | 1 |
_aO'Donnell, Jerry, _9102259 |
|
| 245 | 1 | 0 |
_aBeginning technical mathematics / _cJerry O'Donnell. |
| 260 |
_aReston, Va. : _bReston Pub. Co., _cc1976. |
||
| 300 |
_axi, 250 p. : _bill. ; _c24 cm. |
||
| 505 | _aIntroduction, Definitions and Axioms and Arithmetic Function (Page-1), The Side Rules (Page-27), The Real –Number System and Operations with Signed Numbers (Page-57), Literal Numbers Expressions and Introductory Algebra (Page-71), Mental Multiplication and Fracturing (Page-89), Algebraic Fractions (Page-108), Linear Equations in One Unknown –Fractional Equations (Page-123), Graphs of Functions and linear Equations in two Unknowns (Page-147), Complex Numbers and Quadratic Equations (Page-174), Exponentials, Radical Expressions and Logarithms (Page-184), Introduction to Trigonometry (Page-206). | ||
| 650 | 0 | _aMathematics. | |
| 942 |
_2ddc _cBK _k510,ODO |
||
| 999 |
_c180125 _d180125 |
||